000 00839cam a2200265 a 4500
001 000019657
005 20200929170107.0
008 840822s1969 sp 001 e spa d
040 _aDO-SdBNP
_cCarP
_dDLC
_dBNPHU
082 _a864.6
_bA996tr, 1969
100 1 _aAzorín,
_d1873-1967.
_95278
245 1 0 _aTrasuntos de España :
_bpáginas electas /
_cAzorín.
250 _a8a ed.
260 _aMadrid :
_bEspasa-Calpe,
_c1969.
300 _a186 p. ;
_c18 cm.
490 1 _aAustral. Verde: ensayos y filosofía
_v47
500 _aIncluye índice de autores
650 4 _aEnsayos españoles
_93095
650 4 _aLiteratura española
_9632
651 4 _aEspaña
_xDescripciones Y Viajes
_93096
830 0 _aAustral.
_pVerde: ensayos y filosofía;
_v47
_98733
910 _aCatalogación derivada / LC
910 _aWM
049 _aBNGR
999 _c19173
_d19173